000 015720000a22003490004500
003 EG-GICUC
005 20250223025155.0
008 080325s2008 ua d f m 000 0 eng d
040 _aEG-GICUC
_beng
_cEG-GICUC
041 0 _aEng
049 _aDeposite
097 _aM.Sc
099 _aCai01.11.10.M.Sc.2008.Ad.E
100 0 _aAdham Achraf Zaazaa
245 1 4 _aThe effect of antioxidant therapy on DNA fragmentation of ejaculated sperm /
_cAdham Achraf Zaazaa ; Supervised Ahmed Ateyah Awwad , Medhat Lamel Amer , Mervat Elansary
246 1 5 _aتاثير مضادات الاكسدة على تفتيت المادة الوراثية للنطاف المقذوفة
260 _aCairo :
_bAdham Achraf Zaazaa ,
_c2008
300 _a94P. :
_bcharts ;
_c25cm
502 _aThesis (M.Sc.) - Cairo University - Faculty Of Medicine - Department Of Dermatology and Venerology
520 _aThe aim of this work was to evaluate the effect L - carnitine and zinc medicine on the DNA fragmentation of ejaculated sperm using the sperm chromation dispersion test.Twenty five patients seeking fertility were recruited from KasrElini andrology clinic
530 _aIssued also as CD
653 4 _aInfertility
653 4 _aSperm chromation dispersion test
653 4 _aSperm DNA fragmentation
700 0 _aAhmed Ateyah Awwad ,
_eSupervisor
700 0 _aMedhat Lamel Amer ,
_eSupervisor
700 0 _aMervat Elansary ,
_eSupervisor
856 _uhttp://172.23.153.220/th.pdf
905 _aMustafa
_eRevisor
905 _aNazla
_eCataloger
942 _2ddc
_cTH
999 _c7253
_d7253